000
00318nam a2200133Ia 4500
008
191201s1998 xx 000 0 und d
100
_a
VIDYASAGAR, P V
245
0
_a
Hand Book of Textiles
250
_a
1st
260
_a
N.Delhi
_b
Mittle Publications
_c
1998
300
_a
395
650
_a
B.Tech(TE)
942
_2
ddc
_c
BK
999
_c
2523
_d
2523